Skupiny nepodnikateľských subjektov a ich účtovníctvo
Počet nepodnikateľských subjektov v ekonomike Slovenska k 30. júnu 2003. Najvyšším počtom sa podieľajú združenia, rozpočtové organizácie, cirkevné organizácie a ostatné nepodnikateľské organizácie. Vyjadrenie v percentách. Legislatívna úprava účtovníctva pre nepodnikateľské subjekty.
Saved in:
| Main Author: | |
|---|---|
| Format: | Book Chapter |
| Language: | Slovak |
| Subjects: | |
| Tags: |
No Tags, Be the first to tag this record!
|
MARC
| LEADER | 00000naa$a2200000$$$4500 | ||
|---|---|---|---|
| 001 | 0003173 | ||
| 005 | 20231002075556.6 | ||
| 041 | 0 | |a slo | |
| 044 | |a SK | ||
| 245 | 1 | 0 | |a Skupiny nepodnikateľských subjektov a ich účtovníctvo |c aut. Alena Kordošová |
| 520 | |a Počet nepodnikateľských subjektov v ekonomike Slovenska k 30. júnu 2003. Najvyšším počtom sa podieľajú združenia, rozpočtové organizácie, cirkevné organizácie a ostatné nepodnikateľské organizácie. Vyjadrenie v percentách. Legislatívna úprava účtovníctva pre nepodnikateľské subjekty. | ||
| 610 | 2 | 0 | |a organizácie neziskové |
| 610 | 2 | 0 | |a účtovníctvo |
| 610 | 2 | 0 | |a legislatíva |
| 100 | 1 | |a Kordošová, Alena, 1970- | |